Kinderbücher nach Charakteren (Auswähl-Quiz) - Statistiken

Allgemein
  • Dieses Quiz wurde 30 mal gespielt
  • Das Durchschnittsergebnis liegt bei 25 aus 48
Antwortstatistiken
Frage Kachel Select % Korrekt
Die Schule der magischen Tiere Viktor Krumm Nein
88%
Die Schule der magischen Tiere Martin Thaler Nein
84%
Die Schule der magischen Tiere Felix Vorndran Nein
80%
Die Schule der magischen Tiere Henrietta, die Schildkröte Ja
80%
Die Schule der magischen Tiere Stephan Breuer Nein
80%
Momo Emma Nein
76%
Momo Gmork Nein
76%
Momo Jakob Krakel Nein
76%
Momo Karl Koreander Nein
76%
Momo König Lormoral Nein
76%
Momo Gigi Fremdenführer Ja
68%
Tintenherz Jacob Reckless Nein
68%
Momo Morla Nein
68%
Die Schule der magischen Tiere Ida Kronenberg Ja
64%
Momo Kassiopeia Ja
64%
Momo Beppo Straßenkehrer Ja
60%
Vorstadtkrokodile Julian Nein
60%
Momo Meister Hora Ja
60%
Tintenherz Potilla Nein
60%
Vorstadtkrokodile Titus Nein
60%
Tintenherz Prosper Nein
56%
Tintenherz Will Reckless Nein
56%
Vorstadtkrokodile Fritz Lodemann Nein
52%
Vorstadtkrokodile Raban Bieling Nein
52%
Die Schule der magischen Tiere Benjamin Schubert Ja
48%
Vorstadtkrokodile Eva-Lotta Lisander Nein
48%
Vorstadtkrokodile Karl Vierstein Nein
48%
Tintenherz Sprotte Nein
48%
Tintenherz Zauberzunge Ja
48%
Die Schule der magischen Tiere Ferdi, der Fuchs Nein
44%
Vorstadtkrokodile Hannes Burgsmüller Ja
44%
Momo Nino Ja
44%
Die Schule der magischen Tiere Hermes, die Eule Nein
40%
Tintenherz Nesselbrand Nein
40%
Die Schule der magischen Tiere Ronja Jablonski Ja
40%
Vorstadtkrokodile Kurt Wolfermann Ja
36%
Tintenherz Meggie Folchart Ja
36%
Die Schule der magischen Tiere Silas Sawatzki Ja
36%
Tintenherz Basta Ja
32%
Vorstadtkrokodile Egon Steffenhagen Ja
32%
Vorstadtkrokodile Gustav Ja
32%
Tintenherz Gwin Ja
32%
Momo Nicola Ja
32%
Tintenherz Teresa Folchart Ja
32%
Die Schule der magischen Tiere Jonathan Wieland Ja
28%
Tintenherz Darius Ja
24%
Vorstadtkrokodile Karli Ja
20%
Vorstadtkrokodile Maria Weissmann Ja
20%
Keine übereinstimmenden Quizze gefunden
Verteilung der Resultate
Anzahl Personen mit jedem Resultat
Perzentil nach korrekt beantworteten Fragen
Ihre Resultats-Entwicklung
Sie haben dieses Quiz noch nicht gespielt